Anar al contingut

Политические технологии. Часть 1 учебное пособие Ч. 1 Политические технологии. Часть 1

Учебное пособие «Политические технологии» предназначено для направлений 081100.62 «Государственное и муниципальное управление», 080200.62 «Менеджмент», 080100.62 «Экономика», 040100.62 «Социальная работа» а также аспирантов. Все проблемы раскрыты в методическом ключе, характерном для преимущественно...

Descripció completa

Guardat en:
Dades bibliogràfiques
Autor principal: Кабыткина И. Б.
Format: Книга
Idioma:Russian
Publicat: Москва МГУУ Правительства Москвы 2013
Accés en línia:https://e.lanbook.com/book/258335
https://e.lanbook.com/img/cover/book/258335.jpg
Etiquetes: Afegir etiqueta
Sense etiquetes, Sigues el primer a etiquetar aquest registre!
LEADER 01969nam0a2200253 i 4500
001 258335
003 RuSpLAN
005 20221220174204.0
008 221220s2013 ru gs 000 0 rus
040 |a RuSpLAN 
041 0 |a rus 
044 |a ru 
080 |a 32.001(075.8) 
084 |a 66.04я73-1  |2 rubbk 
245 1 |a Политические технологии. Часть 1  |b учебное пособие  |c Кабыткина И. Б.   |n Ч. 1  |p Политические технологии. Часть 1 
260 |a Москва  |b МГУУ Правительства Москвы  |c 2013 
300 |a 72 с. 
504 |a Библиогр.: доступна в карточке книги, на сайте ЭБС Лань 
520 8 |a Учебное пособие «Политические технологии» предназначено для направлений 081100.62 «Государственное и муниципальное управление», 080200.62 «Менеджмент», 080100.62 «Экономика», 040100.62 «Социальная работа» а также аспирантов. Все проблемы раскрыты в методическом ключе, характерном для преимущественного использования в самостоятельной работе студентов и аспирантов. Автор делает акцент на прикладном значении политологической проблематики в интересах управленческой теории и практики. 
521 8 |a Книга из коллекции МГУУ Правительства Москвы - Социально-гуманитарные науки 
100 1 |a Кабыткина И. Б. 
856 4 |u https://e.lanbook.com/book/258335 
856 4 8 |u https://e.lanbook.com/img/cover/book/258335.jpg 
953 |a https://e.lanbook.com/img/cover/book/258335.jpg